000 00859nam a2200229 a 4500
001 BRCA_8812
005 20190320210424.0
008 240417s1752----sp-#######---#000-0#spa-#
041 _aita
044 _aspa
084 _aBE193
_b.M87 1752
100 1 _aMuratori, Lodovico Antonio
_d1672 - 1750
_921958
245 1 0 _aDelle riflessioni sopra il buon gusto nelle scienze e nell´arti
_cdi Lamino Pritanio; parte seconda.
260 _aIn Venezia
_bPresso Niccolò Pezzana
_c1752
300 _a[2], [8], 300 p. (t.2)
_c16 x 9.5 cm.
500 _aCon licenza de Supeiori, e Privilegio
500 _aEstado físico: presenta encuadernación en pergamino con cintas rotas y presencia del pez de plata
650 1 4 _aEstética
_yObras anteriores a 1800
_921959
650 1 4 _aLiteratura y moral
_yObras anteriores a 1800
_921960
902 _aCFM
942 _2lcc
_cB
999 _c8463
_d8463